Το κάστρο της Χίου : οι οχυρώσεις και η περιτειχισμένη πόλη από το Μεσαίωνα στις μέρες μας = The castle of Chios : fortifications and the surrounded town nowadays since the Middle Ages
Αποθηκεύτηκε σε:
| Κύριος συγγραφέας: | |
|---|---|
| Μορφή: | Βιβλίο |
| Γλώσσα: | Greek English |
| Δημοσίευση: |
Χίος :
Πάπυρος,
2001.
|
| Θέματα: | |
| Ετικέτες: |
Προσθήκη ετικέτας
Δεν υπάρχουν, Καταχωρήστε ετικέτα πρώτοι!
|
MARC
| LEADER | 00000cam a2200000 i 4500 | ||
|---|---|---|---|
| 001 | 1/23496 | ||
| 008 | 011112s2001####gr | | ||| |||| ||gre|| | ||
| 020 | |a 960865243X | ||
| 035 | |l 10067677 | ||
| 040 | |a GR-MyUa |b gre |e AACR2 | ||
| 041 | 0 | |a gre |a eng | |
| 082 | 7 | |a 728.809499 |2 (22) | |
| 100 | 1 | |a Μονιούδη-Γαβαλά, Δώρα. | |
| 245 | 1 | 3 | |a Το κάστρο της Χίου : |b οι οχυρώσεις και η περιτειχισμένη πόλη από το Μεσαίωνα στις μέρες μας = The castle of Chios : fortifications and the surrounded town nowadays since the Middle Ages / |c Δώρα Μονιούδη-Γαβαλά. |
| 246 | 1 | |i Παράλληλος τίτλος: |a The castle of Chios : |b fortifications and the surrounded town nowadays since the Middle Ages | |
| 260 | |a Χίος : |b Πάπυρος, |c 2001. | ||
| 300 | |a 75 σ. : |b εικ. ; |c 22 εκ. | ||
| 650 | 0 | |a Castles |z Greece |z Chios. | |
| 650 | 0 | |a Architecture, Medieval |z Greece |z Chios. | |
| 852 | |a INST |b CHIOS |e 20011112 |h 728.809499 ΜΟΝ |p 005200020718 |q 005200020718 |t BK |y 0 | ||
| 901 | |a BIBL2-2001-3 | ||
| 922 | |a 2ΕΛΗ |b 200111 |c Βιβλιοθήκη Χίου |d Κρομμύδας | ||
| 950 | |a 082-2001-10-31 | ||
| 970 | |a Σπέντζα |b Ελένη |z 2001/11/20 | ||